000 00826nam a2200253Ia 4500
003 OSt
005 20220926031302.0
006 a|||||r|||| 00| 0
007 ta
008 220923b |||||||| |||| 00| 0 eng d
037 _cGeneral Book
040 _aRTL
_cRTL
_beng
041 _2eng
_aeng
082 _aX9(J582:4).N6, K9/UN
100 _aLever R J A W
_9335432
110 _aUnited Nations, Food and Agriculture Organization
_98284
245 0 _aPests of the coconut palm
260 _aRome
_bFood and Agriculture Organization
_c1969
300 _axiii, 190p. Bibliography p.162-73
_ccm.
650 _aCoconut Industry
_9335433
700 _aUnited Nations, Food and Agriculture Organization
_98286
942 _hX9(J582:4).N6, K9/UN
_cGB
_2CC
999 _c651964
_d651964